00381nam a2200145Ia 4500008004100000020001500041041001200056082001100068100002000079245006000099260004900159300000800208650000700216700001200223221030s9999 xx 000 0 und d a8122430998 aEnglish a105.23 aS. Sivanagaraju 0aControl system Engineeringcby S. Sivanagaraju, L. Devi bNew Age International Pub.aNew Delhic2010 a447 aEE aL. Devi